[Event "Toronto Reserves"]
[Site "Toronto CAN"]
[Date "1982.02.??"]
[Round "5"]
[White "Kuznecov, Alex"]
[Black "Deiseach, Donald"]
[Result "1-0"]
[WhiteElo "2092"]
[BlackElo "2037"]
[PlyCount "81"]
[GameId "2160767912848773"]
[EventDate "1982.02.??"]
[EventType "tourn"]
[EventRounds "11"]
[EventCountry "CAN"]
[SourceTitle "EXT 2022"]
[Source "ChessBase"]
[SourceDate "2021.10.06"]
[SourceVersion "1"]
[SourceVersionDate "2021.10.06"]
[SourceQuality "1"]

1. c4 Nf6 2. Nc3 e5 3. Nf3 Nc6 4. e3 Bb4 5. Qc2 O-O 6. Nd5 Re8 7. Qf5 d6 8. Nxf6+ gxf6 9. Qh5 e4 10. a3 Bc5 11. d4 Bb6 12. Nd2 Qe7 13. b4 Nxd4 14. exd4 Bxd4 15. Ra2 e3 16. fxe3 Qxe3+ 17. Kd1 Re5 18. Qh4 Rg5 19. Qe1 Bg4+ 20. Be2 Bf5 21. Bf3 Qc3 22. Qe2 Bd7 23. b5 Re8 24. Ne4 Qa5 25. Bxg5 fxg5 26. Qd2 Qb6 27. Qxg5+ Kh8 28. Nf6 Be3 29. Qh4 Bf5 30. Nxe8 Bd4 31. Re1 c5 32. Be4 Bg6 33. Bxg6 fxg6 34. Nf6 h5 35. Nd5 Qa5 36. Re8+ Kh7 37. Qe7+ Bg7 38. Nf6+ Kh6 39. Qe3+ g5 40. Ng8+ Kg6 41. Qe4+ 1-0

[Event "Toronto Reserves"]
[Site "Toronto CAN"]
[Date "1982.02.??"]
[Round "6"]
[White "Deiseach, Donald"]
[Black "Boross-Harmer, Peter"]
[Result "1-0"]
[WhiteElo "2037"]
[BlackElo "1842"]
[PlyCount "123"]
[GameId "2160767912848775"]
[EventDate "1982.02.??"]
[EventType "tourn"]
[EventRounds "11"]
[EventCountry "CAN"]
[SourceTitle "EXT 2022"]
[Source "ChessBase"]
[SourceDate "2021.10.06"]
[SourceVersion "1"]
[SourceVersionDate "2021.10.06"]
[SourceQuality "1"]

1. e4 e5 2. Nf3 Nc6 3. Bb5 a6 4. Ba4 Nf6 5. O-O b5 6. Bb3 Be7 7. Re1 d6 8. c3 O-O 9. h3 Bb7 10. d4 exd4 11. cxd4 Na5 12. Bc2 c5 13. Nbd2 Nc6 14. b3 Nd7 15. a3 Rc8 16. Bb2 Qb6 17. d5 Ncb8 18. Nf1 Bf6 19. Ra2 Bxb2 20. Rxb2 Rfe8 21. Ne3 Nf6 22. Nd2 Rc7 23. Kh2 Bc8 24. f4 Nbd7 25. Nf5 Nf8 26. Ng3 Rce7 27. Nf3 Ng6 28. Qd2 h6 29. Rbb1 Qb8 30. Rbd1 Qb6 31. e5 dxe5 32. Bxg6 exf4 33. Nf5 Rxe1 34. Rxe1 fxg6 35. Rxe8+ Nxe8 36. Ne7+ Kf7 37. Nxc8 Qc7 38. d6 Qxc8 39. d7 Qd8 40. Qd5+ Ke7 41. dxe8=Q+ Qxe8 42. Qxc5+ Kf6 43. Qd6+ Qe6 44. Qxf4+ Ke7 45. Qc7+ Kf6 46. Qc3+ Kf7 47. Ne5+ Ke8 48. Qc6+ Ke7 49. Qc7+ Kf6 50. Nd7+ Kf5 51. Qc2+ Kg5 52. Qd2+ Kh5 53. g4+ Kh4 54. Qf2+ Kg5 55. Qc5+ Kf4 56. Qd4+ Kf3 57. Ne5+ Ke2 58. Qd3+ Kf2 59. Qd2+ Kf1 60. Qd1+ Kf2 61. Nd3+ Ke3 62. Qe1+ 1-0

[Event "Toronto Reserves"]
[Site "Toronto CAN"]
[Date "1982.02.??"]
[Round "6"]
[White "Evans, Bill"]
[Black "Rakhinshteyn, Fima"]
[Result "0-1"]
[WhiteElo "2028"]
[BlackElo "2051"]
[PlyCount "80"]
[GameId "2160767912848776"]
[EventDate "1982.02.??"]
[EventType "tourn"]
[EventRounds "11"]
[EventCountry "CAN"]
[SourceTitle "EXT 2022"]
[Source "ChessBase"]
[SourceDate "2021.10.06"]
[SourceVersion "1"]
[SourceVersionDate "2021.10.06"]
[SourceQuality "1"]

1. d4 Nf6 2. c4 e6 3. Nf3 b6 4. g3 Bb7 5. Bg2 Be7 6. Nc3 O-O 7. O-O Ne4 8. Qc2 Nxc3 9. Qxc3 Be4 10. Ne1 Bxg2 11. Nxg2 c6 12. d5 Bf6 13. Qd3 cxd5 14. cxd5 exd5 15. Qxd5 Nc6 16. Rd1 Qe7 17. Nf4 g6 18. Qd6 Rfd8 19. Qd3 Bd4 20. Qc4 Qf6 21. Nd3 d5 22. Qa4 Ne5 23. Nf4 Bc5 24. e3 d4 25. b4 Nf3+ 26. Kg2 dxe3 27. bxc5 Qxa1 28. Kxf3 exf2 29. Kxf2 Rxd1 30. Qxd1 Qxa2+ 31. Ne2 bxc5 32. Qd6 Re8 33. Be3 Qc2 34. Qxc5 Qxc5 35. Bxc5 a5 36. Nc3 f6 37. Bb6 Re5 38. Bd4 Re6 39. Kf3 Kf7 40. Ne4 a4 0-1

[Event "Toronto Reserves"]
[Site "Toronto CAN"]
[Date "1982.02.??"]
[Round "6"]
[White "Kaminker, Harry"]
[Black "Berner, George"]
[Result "1/2-1/2"]
[WhiteElo "2173"]
[BlackElo "1981"]
[PlyCount "88"]
[GameId "2160767912848777"]
[EventDate "1982.02.??"]
[EventType "tourn"]
[EventRounds "11"]
[EventCountry "CAN"]
[SourceTitle "EXT 2022"]
[Source "ChessBase"]
[SourceDate "2021.10.06"]
[SourceVersion "1"]
[SourceVersionDate "2021.10.06"]
[SourceQuality "1"]

1. c4 Nf6 2. Nc3 e5 3. g3 Nc6 4. Bg2 Bc5 5. a3 a5 6. d3 h6 7. e3 O-O 8. Nge2 d6 9. O-O Bg4 10. h3 Bh5 11. b3 Rb8 12. Bb2 Qd7 13. Qd2 Rfd8 14. Kh2 Ne7 15. d4 Bb6 16. Rae1 c6 17. e4 Bc7 18. d5 cxd5 19. exd5 Nh7 20. f4 f6 21. g4 Bf7 22. Be4 exf4 23. Nxf4 Ng5 24. Qd3 Re8 25. Nb5 Nxe4 26. Rxe4 Bb6 27. Nd4 Bxd4 28. Rxd4 b5 29. Qd2 bxc4 30. bxc4 Ng6 31. Nh5 Qe7 32. Bc3 a4 33. Bb4 Ne5 34. Ng3 Bg6 35. Kg2 Nf7 36. Rf2 Qe3 37. Re2 Qxd2 38. Rdxd2 Rxe2+ 39. Nxe2 Rc8 40. Nf4 Be4+ 41. Kf2 Rxc4 42. Ne2 Rc2 43. Rxc2 Bxc2 44. Ke3 Bb3 1/2-1/2

[Event "Toronto Reserves"]
[Site "Toronto CAN"]
[Date "1982.02.??"]
[Round "6"]
[White "Nasir, Nasim"]
[Black "Kuznecov, Alex"]
[Result "1/2-1/2"]
[WhiteElo "1848"]
[BlackElo "2092"]
[PlyCount "82"]
[GameId "2160767912848778"]
[EventDate "1982.02.??"]
[EventType "tourn"]
[EventRounds "11"]
[EventCountry "CAN"]
[SourceTitle "EXT 2022"]
[Source "ChessBase"]
[SourceDate "2021.10.06"]
[SourceVersion "1"]
[SourceVersionDate "2021.10.06"]
[SourceQuality "1"]

1. e4 c5 2. Nf3 d6 3. Bb5+ Bd7 4. Bxd7+ Qxd7 5. c4 Nc6 6. d4 cxd4 7. Nxd4 g6 8. Nc3 Bg7 9. Be3 Nf6 10. f3 O-O 11. Qd2 Rfc8 12. b3 a6 13. Rc1 b5 14. cxb5 Nxd4 15. Bxd4 axb5 16. O-O Qb7 17. Rfd1 Kf8 18. Ne2 Rxc1 19. Rxc1 d5 20. exd5 Nxd5 21. Bxg7+ Kxg7 22. Qd4+ Kg8 23. Rd1 e6 24. Rd2 Qc6 25. Kf2 Ne7 26. Ng3 Qc1 27. Ne4 Nd5 28. Nd6 b4 29. Ne4 Rc8 30. Qa7 Rc7 31. Qd4 Rc6 32. Qa7 Rc8 33. Qd4 Qh1 34. Nf6+ Nxf6 35. Qxf6 Qxh2 36. Rd8+ Rxd8 37. Qxd8+ Kg7 38. Qd4+ e5 39. Qxb4 h5 40. a4 f5 41. a5 h4 1/2-1/2

[Event "Toronto Reserves"]
[Site "Toronto CAN"]
[Date "1982.02.??"]
[Round "6"]
[White "Stavropoulos, Greg"]
[Black "Leliever, Mark"]
[Result "1-0"]
[WhiteElo "1933"]
[BlackElo "1782"]
[PlyCount "71"]
[GameId "2160767912848780"]
[EventDate "1982.02.??"]
[EventType "tourn"]
[EventRounds "11"]
[EventCountry "CAN"]
[SourceTitle "EXT 2022"]
[Source "ChessBase"]
[SourceDate "2021.10.06"]
[SourceVersion "1"]
[SourceVersionDate "2021.10.06"]
[SourceQuality "1"]

1. Nf3 d5 2. c4 d4 3. g3 c5 4. b4 cxb4 5. a3 bxa3 6. Bxa3 Nc6 7. Bg2 g6 8. d3 Bg7 9. Nbd2 Nf6 10. O-O O-O 11. Qc2 Re8 12. Rfb1 e5 13. Ng5 Bf8 14. Nge4 Nxe4 15. Nxe4 Kg7 16. Bxf8+ Rxf8 17. c5 Qc7 18. Nd6 Rd8 19. Qa4 Kf8 20. Nxb7 Bxb7 21. Rxb7 Qxb7 22. Bxc6 Qc7 23. Bxa8 Rxa8 24. c6 Rc8 25. Qa3+ Kg7 26. Qc5 Qxc6 27. Qxe5+ Qf6 28. Qxf6+ Kxf6 29. Rxa7 Rc2 30. Kf1 Ke6 31. Ra4 Ke5 32. f4+ Kd5 33. Ra7 Ke6 34. Kf2 h5 35. Ra6+ Ke7 36. Ra4 1-0

[Event "Toronto Reserves"]
[Site "Toronto CAN"]
[Date "1982.02.??"]
[Round "7"]
[White "Berner, George"]
[Black "Deiseach, Donald"]
[Result "0-1"]
[WhiteElo "1981"]
[BlackElo "2037"]
[PlyCount "108"]
[GameId "2160767912848781"]
[EventDate "1982.02.??"]
[EventType "tourn"]
[EventRounds "11"]
[EventCountry "CAN"]
[SourceTitle "EXT 2022"]
[Source "ChessBase"]
[SourceDate "2021.10.06"]
[SourceVersion "1"]
[SourceVersionDate "2021.10.06"]
[SourceQuality "1"]

1. Nc3 d5 2. Nf3 Nf6 3. d3 Bg4 4. h3 Bxf3 5. gxf3 e5 6. e4 d4 7. Ne2 Nc6 8. a3 Be7 9. Bg2 O-O 10. O-O Nd7 11. f4 f6 12. f5 a5 13. Ng3 b5 14. Qg4 Kh8 15. h4 b4 16. h5 Rg8 17. f3 a4 18. Kf2 Na5 19. Ke2 b3 20. cxb3 Nxb3 21. Rb1 Na5 22. Bd2 c5 23. Bxa5 Qxa5 24. Rfd1 Rac8 25. Bf1 c4 26. dxc4 Rxc4 27. Kf2 Rc2+ 28. Kg1 Nc5 29. f4 Qb6 30. fxe5 d3 31. Kh1 d2 32. Qe2 Nb3 33. Qd3 Rgc8 34. Ne2 Qf2 35. Nc3 Nd4 36. Be2 fxe5 37. Rf1 Qh4+ 38. Kg2 Rd8 39. Bd1 Qg5+ 40. Qg3 Rc1 41. Qxg5 Bxg5 42. Bxa4 Rb8 43. Nd5 Nc2 44. Bxc2 Rxc2 45. Rfd1 Rcxb2 46. Rxb2 Rxb2 47. Kf3 Rb3+ 48. Kg4 h6 49. a4 Ra3 50. Nb6 Rc3 51. a5 Rc1 52. Rxd2 Bxd2 53. a6 Ra1 54. Nc4 Bf4 0-1

[Event "Toronto Reserves"]
[Site "Toronto CAN"]
[Date "1982.02.??"]
[Round "7"]
[White "Boross-Harmer, Peter"]
[Black "Nasir, Nasim"]
[Result "0-1"]
[WhiteElo "1842"]
[BlackElo "1848"]
[PlyCount "70"]
[GameId "2160767912848782"]
[EventDate "1982.02.??"]
[EventType "tourn"]
[EventRounds "11"]
[EventCountry "CAN"]
[SourceTitle "EXT 2022"]
[Source "ChessBase"]
[SourceDate "2021.10.06"]
[SourceVersion "1"]
[SourceVersionDate "2021.10.06"]
[SourceQuality "1"]

1. c4 Nf6 2. d4 e6 3. Nc3 Bb4 4. a3 Bxc3+ 5. bxc3 d5 6. Bf4 Nbd7 7. c5 b6 8. c6 Nb8 9. Qa4 Ba6 10. h3 Bc4 11. Rb1 Ne4 12. Rxb6 Nxc3 13. Qb4 axb6 14. Qxc3 Nxc6 15. e4 b5 16. Nf3 Qe7 17. Bc1 Na5 18. Nd2 Bxf1 19. Kxf1 O-O 20. g3 dxe4 21. Nxe4 Nc4 22. Nc5 c6 23. Kg2 Qd6 24. Rd1 Qd5+ 25. f3 Rfd8 26. Nb7 Rd7 27. Nc5 Rda7 28. Rd3 Nxa3 29. Bxa3 Rxa3 30. Qxa3 Rxa3 31. Rxa3 g6 32. Rd3 h5 33. Ne4 Kg7 34. Kf2 e5 35. Ke2 c5 0-1

[Event "Toronto Reserves"]
[Site "Toronto CAN"]
[Date "1982.02.??"]
[Round "7"]
[White "Knapp, Ernest"]
[Black "Evans, Bill"]
[Result "1-0"]
[WhiteElo "1940"]
[BlackElo "2028"]
[PlyCount "97"]
[GameId "2160767912848783"]
[EventDate "1982.02.??"]
[EventType "tourn"]
[EventRounds "11"]
[EventCountry "CAN"]
[SourceTitle "EXT 2022"]
[Source "ChessBase"]
[SourceDate "2021.10.06"]
[SourceVersion "1"]
[SourceVersionDate "2021.10.06"]
[SourceQuality "1"]

1. e4 g6 2. d4 d6 3. Nf3 Bg7 4. Bd3 Nf6 5. O-O O-O 6. h3 Nbd7 7. Bf4 c5 8. c3 a6 9. Re1 cxd4 10. cxd4 Nb8 11. Nc3 Nh5 12. Bg5 Nc6 13. Bc4 h6 14. Be3 Bd7 15. Qd2 Kh7 16. Rad1 Rc8 17. Bb3 Na5 18. Bc2 Nc4 19. Qc1 Qa5 20. Bd2 Nxd2 21. Qxd2 Nf6 22. e5 Ne8 23. Be4 dxe5 24. dxe5 Bc6 25. Bxc6 bxc6 26. Qe2 Nc7 27. Rd7 Rfe8 28. Nd4 Nd5 29. Qc4 Nb6 30. Qxf7 Nxd7 31. Ne6 Rg8 32. f4 Nc5 33. f5 Nxe6 34. Qxg6+ Kh8 35. Qxe6 Qc5+ 36. Kh2 Qf2 37. Re2 Qf4+ 38. g3 Qc1 39. f6 exf6 40. exf6 Qg5 41. Ne4 Qg6 42. fxg7+ Qxg7 43. Rg2 Rge8 44. Qc4 Qe5 45. Nc3 Rg8 46. Qxa6 Rb8 47. Qxc6 Rg7 48. Qxh6+ Rh7 49. Qf4 1-0

[Event "Toronto Reserves"]
[Site "Toronto CAN"]
[Date "1982.02.??"]
[Round "7"]
[White "Leliever, Mark"]
[Black "Kaminker, Harry"]
[Result "0-1"]
[WhiteElo "1782"]
[BlackElo "2173"]
[PlyCount "118"]
[GameId "2160767912848785"]
[EventDate "1982.02.??"]
[EventType "tourn"]
[EventRounds "11"]
[EventCountry "CAN"]
[SourceTitle "EXT 2022"]
[Source "ChessBase"]
[SourceDate "2021.10.06"]
[SourceVersion "1"]
[SourceVersionDate "2021.10.06"]
[SourceQuality "1"]

1. c4 e5 2. Nc3 Nf6 3. g3 Bb4 4. Bg2 O-O 5. Nf3 Re8 6. O-O h6 7. Ne1 c6 8. e4 d6 9. Nc2 Bg4 10. f3 Bc5+ 11. Kh1 Be6 12. b3 d5 13. d3 Nbd7 14. Qe2 a5 15. Bd2 Qb8 16. a3 dxc4 17. dxc4 Qd6 18. Rfd1 Qe7 19. Be3 Bxe3 20. Nxe3 Nc5 21. Qc2 a4 22. Nxa4 Nxa4 23. bxa4 Nd7 24. Qb2 Nc5 25. Qxe5 Rxa4 26. Qc3 Rea8 27. Bf1 Qf6 28. Qxf6 gxf6 29. Nc2 Bxc4 30. Kg1 Bb3 31. Rdc1 Bxc2 32. Rxc2 Nb3 33. Rb1 Rxa3 34. Rc3 Nd2 35. Rxa3 Rxa3 36. Rd1 Nxf1 37. Kxf1 Rc3 38. Kf2 Kf8 39. Rd6 Ke7 40. Rd2 b5 41. Ke2 Rc4 42. Ra2 Rd4 43. Ke3 Rd1 44. Ra7+ Rd7 45. Ra6 Kd6 46. Kd4 f5 47. Rb6 fxe4 48. fxe4 f6 49. Ra6 Rb7 50. Ra8 b4 51. Kc4 b3 52. Rd8+ Ke6 53. Rd1 Rb5 54. Kd4 b2 55. Rb1 Kd6 56. Kc3 Ke5 57. Kd3 Rb4 58. Kc3 c5 59. Kd3 h5 0-1

[Event "Toronto Reserves"]
[Site "Toronto CAN"]
[Date "1982.07.??"]
[Round "7"]
[White "Rakhinshteyn, Fima"]
[Black "Stavropoulos, Greg"]
[Result "1-0"]
[WhiteElo "2051"]
[BlackElo "1933"]
[PlyCount "75"]
[GameId "2160767912848786"]
[EventDate "1982.02.??"]
[EventType "tourn"]
[EventRounds "11"]
[EventCountry "CAN"]
[SourceTitle "EXT 2022"]
[Source "ChessBase"]
[SourceDate "2021.10.06"]
[SourceVersion "1"]
[SourceVersionDate "2021.10.06"]
[SourceQuality "1"]

1. e4 c5 2. Nf3 e6 3. d4 cxd4 4. Nxd4 a6 5. Bd3 Qc7 6. O-O Nf6 7. Qe2 h5 8. h3 Bd6 9. Nd2 Bh2+ 10. Kh1 Bf4 11. N2f3 Nc6 12. Nxc6 dxc6 13. e5 Bxc1 14. Raxc1 Nd5 15. Qd2 Qe7 16. c4 Nb4 17. Bb1 c5 18. Ng5 Bd7 19. Ne4 b6 20. Nd6+ Kf8 21. f4 g6 22. Rcd1 Kg7 23. Be4 Nxa2 24. Qe3 Nb4 25. Rd2 Ra7 26. Qc3 Bc6 27. Bb1 Kh7 28. f5 gxf5 29. Bxf5+ exf5 30. Nxf5 Qe8 31. Nd6 Qe7 32. Rxf7+ Qxf7 33. Nxf7 Rxf7 34. Kh2 Kg8 35. Rd8+ Kg7 36. e6+ Rf6 37. Rxh8 Na2 38. Qe5 1-0

[Event "Toronto Reserves"]
[Site "Toronto CAN"]
[Date "1982.02.??"]
[Round "8"]
[White "Deiseach, Donald"]
[Black "Leliever, Mark"]
[Result "0-1"]
[WhiteElo "2037"]
[BlackElo "1782"]
[PlyCount "78"]
[GameId "2160767912848787"]
[EventDate "1982.02.??"]
[EventType "tourn"]
[EventRounds "11"]
[EventCountry "CAN"]
[SourceTitle "EXT 2022"]
[Source "ChessBase"]
[SourceDate "2021.10.06"]
[SourceVersion "1"]
[SourceVersionDate "2021.10.06"]
[SourceQuality "1"]

1. e4 e6 2. d4 d5 3. Nc3 Bb4 4. e5 c5 5. a3 Bxc3+ 6. bxc3 Qc7 7. Nf3 b6 8. Bd3 Ba6 9. c4 dxc4 10. Be4 Nc6 11. d5 exd5 12. Qxd5 Nge7 13. Qd6 Rc8 14. Bg5 O-O 15. O-O-O c3 16. Rhe1 Bc4 17. Bh4 Qb7 18. Bxe7 Qa6 19. Rd3 Qxa3+ 20. Kd1 Nxe7 21. Qxe7 Bxd3 22. Bxd3 Rcd8 23. Ke2 h6 24. Rd1 Qa2 25. Bh7+ Kxh7 26. Rxd8 Qxc2+ 27. Kf1 Rxd8 28. Qxd8 b5 29. Qd7 b4 30. Qxf7 b3 31. Ne1 Qb1 32. e6 b2 33. e7 Qxe1+ 34. Kxe1 b1=Q+ 35. Ke2 Qe4+ 36. Kf1 c2 37. Qf4 Qxf4 38. e8=Q c1=Q+ 39. Qe1 Qfc4+ 0-1

[Event "Toronto Reserves"]
[Site "Toronto CAN"]
[Date "1982.02.??"]
[Round "8"]
[White "Evans, Bill"]
[Black "Kuznecov, Alex"]
[Result "0-1"]
[WhiteElo "2028"]
[BlackElo "2092"]
[PlyCount "80"]
[GameId "2160767912848788"]
[EventDate "1982.02.??"]
[EventType "tourn"]
[EventRounds "11"]
[EventCountry "CAN"]
[SourceTitle "EXT 2022"]
[Source "ChessBase"]
[SourceDate "2021.10.06"]
[SourceVersion "1"]
[SourceVersionDate "2021.10.06"]
[SourceQuality "1"]

1. d4 Nf6 2. c4 g6 3. Nc3 d5 4. cxd5 Nxd5 5. e4 Nxc3 6. bxc3 Bg7 7. Nf3 c5 8. Be2 Nc6 9. Be3 Bg4 10. e5 cxd4 11. cxd4 O-O 12. O-O Qd7 13. Qa4 a6 14. Qa3 Rfd8 15. Rfd1 Be6 16. Ng5 Bd5 17. Rac1 Rac8 18. Bf3 Bxf3 19. Nxf3 Nxe5 20. Nxe5 Bxe5 21. Rb1 Bb8 22. Qb3 b5 23. Bh6 Qd5 24. Qe3 e5 25. Rbc1 Rxc1 26. Rxc1 exd4 27. Qe7 Qd6 28. Qh4 Re8 29. g3 d3 30. Qe4 Qd7 31. Qb4 Ba7 32. Qf4 Qd4 33. Qd2 Bc5 34. Rxc5 Qxc5 35. Qxd3 Qc4 36. Qd6 Re1+ 37. Kg2 Qf1+ 38. Kf3 Qh1+ 39. Kg4 Qe4+ 40. f4 Qe6+ 0-1

[Event "Toronto Reserves"]
[Site "Toronto CAN"]
[Date "1982.02.??"]
[Round "8"]
[White "Nasir, Nasim"]
[Black "Berner, George"]
[Result "0-1"]
[WhiteElo "1848"]
[BlackElo "1981"]
[PlyCount "70"]
[GameId "2160767912848789"]
[EventDate "1982.02.??"]
[EventType "tourn"]
[EventRounds "11"]
[EventCountry "CAN"]
[SourceTitle "EXT 2022"]
[Source "ChessBase"]
[SourceDate "2021.10.06"]
[SourceVersion "1"]
[SourceVersionDate "2021.10.06"]
[SourceQuality "1"]

1. e4 Nc6 2. Nf3 a6 3. d4 d6 4. Be2 Bg4 5. c4 e5 6. Be3 Bxf3 7. Bxf3 exd4 8. Bxd4 Nxd4 9. Qxd4 Be7 10. Nc3 Bf6 11. Qd2 Ne7 12. O-O O-O 13. Rad1 Rb8 14. b4 c6 15. a4 Qc7 16. a5 b6 17. Na4 bxa5 18. bxa5 Rfd8 19. Rb1 Rxb1 20. Rxb1 Rb8 21. Rd1 Rd8 22. Qb4 Nc8 23. Bg4 c5 24. Qd2 Bd4 25. Rb1 g6 26. Bxc8 Qxc8 27. Rb6 Re8 28. Qf4 Qd7 29. Nb2 Qe7 30. Nd3 Qe6 31. Qxd6 Qxc4 32. Rb8 Rxb8 33. Qxb8+ Kg7 34. Qg3 Qc3 35. h3 c4 0-1

[Event "Toronto Reserves"]
[Site "Toronto CAN"]
[Date "1982.02.??"]
[Round "8"]
[White "Rakhinshteyn, Fima"]
[Black "Knapp, Ernest"]
[Result "1-0"]
[WhiteElo "2051"]
[BlackElo "1940"]
[PlyCount "110"]
[GameId "2160767912848790"]
[EventDate "1982.02.??"]
[EventType "tourn"]
[EventRounds "11"]
[EventCountry "CAN"]
[SourceTitle "EXT 2022"]
[Source "ChessBase"]
[SourceDate "2021.10.06"]
[SourceVersion "1"]
[SourceVersionDate "2021.10.06"]
[SourceQuality "1"]

1. e4 e6 2. d4 c5 3. Nf3 Be7 4. d5 exd5 5. exd5 d6 6. Bb5+ Nd7 7. O-O Ngf6 8. Re1 O-O 9. Bf1 Nb6 10. c4 Bg4 11. h3 Bh5 12. Bf4 Qd7 13. Nbd2 Rfe8 14. Bd3 Bf8 15. Qc2 Bg6 16. Bg5 Rxe1+ 17. Rxe1 Re8 18. Rxe8 Qxe8 19. Bxf6 gxf6 20. Ne4 Qe7 21. Ng3 Nd7 22. Nf5 Qe8 23. Be4 Ne5 24. N3h4 b5 25. b3 bxc4 26. bxc4 Bxf5 27. Nxf5 Ng6 28. g3 Qe5 29. Kg2 a5 30. h4 h6 31. Qe2 Kh8 32. f4 Qc3 33. h5 Ne7 34. Nxe7 Bxe7 35. Bb1 Bf8 36. Qe4 f5 37. Qxf5 Qg7 38. g4 Be7 39. Kf3 Kg8 40. Bd3 Bf6 41. Qc8+ Qf8 42. Qf5 Qg7 43. Qc8+ Qf8 44. Qd7 Qe7 45. Qxe7 Bxe7 46. Ke4 Kg7 47. Kf5 a4 48. Bc2 a3 49. g5 Bd8 50. Ba4 Be7 51. Be8 Kf8 52. gxh6 Kg8 53. h7+ Kxh7 54. Bxf7 Bf8 55. Ke6 Kh6 1-0

[Event "Toronto Reserves"]
[Site "Toronto CAN"]
[Date "1982.02.??"]
[Round "8"]
[White "Stavropoulos, Greg"]
[Black "Kaminker, Harry"]
[Result "1-0"]
[WhiteElo "1933"]
[BlackElo "2173"]
[PlyCount "82"]
[GameId "2160767912848792"]
[EventDate "1982.02.??"]
[EventType "tourn"]
[EventRounds "11"]
[EventCountry "CAN"]
[SourceTitle "EXT 2022"]
[Source "ChessBase"]
[SourceDate "2021.10.06"]
[SourceVersion "1"]
[SourceVersionDate "2021.10.06"]
[SourceQuality "1"]

1. Nf3 d6 2. c4 e5 3. Nc3 f5 4. d4 e4 5. Ng5 Nf6 6. h4 c6 7. Nh3 Na6 8. Bg5 Be7 9. e3 O-O 10. Nf4 Nc7 11. Qd2 Ne6 12. Be2 d5 13. cxd5 Nxf4 14. Bxf4 Nxd5 15. Nxd5 cxd5 16. g3 Qb6 17. O-O Bd7 18. Rfc1 Rac8 19. Rxc8 Rxc8 20. Rc1 Rxc1+ 21. Qxc1 Qc6 22. Qxc6 Bxc6 23. Bb8 a6 24. a3 Kf7 25. Kf1 Ke6 26. Ke1 Bd8 27. Kd2 Ba5+ 28. b4 Bd8 29. Kc3 Ba4 30. Ba7 Bc7 31. h5 Bb5 32. Bd1 b6 33. a4 Bc4 34. h6 gxh6 35. a5 b5 36. Bc5 Bf1 37. Bh5 Kd7 38. Bf8 Bg2 39. Bf7 Kc6 40. Bxh6 Bd6 41. Be6 Bh3 1-0

[Event "Toronto Reserves"]
[Site "Toronto CAN"]
[Date "1982.02.??"]
[Round "9"]
[White "Boross-Harmer, Peter"]
[Black "Evans, Bill"]
[Result "0-1"]
[WhiteElo "1842"]
[BlackElo "2028"]
[PlyCount "52"]
[GameId "2160767912848794"]
[EventDate "1982.02.??"]
[EventType "tourn"]
[EventRounds "11"]
[EventCountry "CAN"]
[SourceTitle "EXT 2022"]
[Source "ChessBase"]
[SourceDate "2021.10.06"]
[SourceVersion "1"]
[SourceVersionDate "2021.10.06"]
[SourceQuality "1"]

1. c4 Nf6 2. Nc3 g6 3. d4 Bg7 4. e4 d6 5. f3 O-O 6. Bd3 Nc6 7. Nge2 e5 8. d5 Nd4 9. b4 a5 10. b5 Nd7 11. Nxd4 exd4 12. Ne2 Nc5 13. Bb2 Qg5 14. Kf1 Qe3 15. Nc1 a4 16. a3 f5 17. exf5 Bxf5 18. Bxf5 Rxf5 19. Qe2 Re8 20. Qxe3 Rxe3 21. Kf2 Ne4+ 22. Kf1 Nd2+ 23. Kf2 Nxc4 24. Ra2 Rxd5 25. Rd1 Nxb2 26. Rxb2 Rxa3 0-1

[Event "Toronto Reserves"]
[Site "Toronto CAN"]
[Date "1982.02.??"]
[Round "9"]
[White "Kaminker, Harry"]
[Black "Deiseach, Donald"]
[Result "1-0"]
[WhiteElo "2173"]
[BlackElo "2037"]
[PlyCount "45"]
[GameId "2160767912848795"]
[EventDate "1982.02.??"]
[EventType "tourn"]
[EventRounds "11"]
[EventCountry "CAN"]
[SourceTitle "EXT 2022"]
[Source "ChessBase"]
[SourceDate "2021.10.06"]
[SourceVersion "1"]
[SourceVersionDate "2021.10.06"]
[SourceQuality "1"]

1. e4 c5 2. f4 e6 3. d3 Nf6 4. c3 d5 5. e5 Nfd7 6. Nf3 Nc6 7. Be2 d4 8. O-O b5 9. Nbd2 Nb6 10. Ne4 Bb7 11. Qe1 Qd7 12. Kh1 Nd5 13. c4 bxc4 14. dxc4 Ndb4 15. Qg3 Nc2 16. Rb1 d3 17. Rd1 N6d4 18. Bxd3 Nf5 19. Qf2 Bxe4 20. Bxc2 Qxd1+ 21. Bxd1 Bxb1 22. Ba4+ Kd8 23. Qd2+ 1-0

[Event "Toronto Reserves"]
[Site "Toronto CAN"]
[Date "1982.02.??"]
[Round "9"]
[White "Knapp, Ernest"]
[Black "Stavropoulos, Greg"]
[Result "0-1"]
[WhiteElo "1940"]
[BlackElo "1933"]
[PlyCount "64"]
[GameId "2160767912848796"]
[EventDate "1982.02.??"]
[EventType "tourn"]
[EventRounds "11"]
[EventCountry "CAN"]
[SourceTitle "EXT 2022"]
[Source "ChessBase"]
[SourceDate "2021.10.06"]
[SourceVersion "1"]
[SourceVersionDate "2021.10.06"]
[SourceQuality "1"]

1. e4 c5 2. Nf3 e6 3. Nc3 a6 4. d4 cxd4 5. Nxd4 Qc7 6. Bd3 Nc6 7. Nxc6 dxc6 8. O-O Nf6 9. h3 Bc5 10. Bg5 h5 11. Na4 Ba7 12. c4 Bd4 13. Kh1 Ng4 14. f4 f6 15. Bh4 g5 16. Bg3 Ne3 17. Qe2 Nxf1 18. Rxf1 g4 19. h4 c5 20. Qe1 Bd7 21. Nc3 O-O-O 22. e5 Bxc3 23. Qxc3 f5 24. b4 cxb4 25. Qxb4 Bc6 26. Be2 Rh7 27. Bf2 Qe7 28. Qc3 g3 29. Bxg3 Rg7 30. Rd1 Rdg8 31. Rd3 Rxg3 32. Rxg3 Qxh4+ 0-1

[Event "Toronto Reserves"]
[Site "Toronto CAN"]
[Date "1982.02.??"]
[Round "9"]
[White "Kuznecov, Alex"]
[Black "Rakhinshteyn, Fima"]
[Result "1-0"]
[WhiteElo "2092"]
[BlackElo "2051"]
[PlyCount "84"]
[GameId "2160767912848797"]
[EventDate "1982.02.??"]
[EventType "tourn"]
[EventRounds "11"]
[EventCountry "CAN"]
[SourceTitle "EXT 2022"]
[Source "ChessBase"]
[SourceDate "2021.10.06"]
[SourceVersion "1"]
[SourceVersionDate "2021.10.06"]
[SourceQuality "1"]

1. c4 c5 2. Nc3 Nf6 3. g3 d5 4. cxd5 Nxd5 5. Bg2 Nc7 6. d3 e5 7. Qb3 Nc6 8. Bxc6+ bxc6 9. Nf3 f6 10. Qa4 Bd7 11. b3 Be7 12. Ba3 Nb5 13. Ne4 Nxa3 14. Qxa3 Qb6 15. Nfd2 Qb4 16. Qxb4 cxb4 17. Rc1 O-O 18. Nc4 Rfb8 19. Nb2 c5 20. Nxc5 Rc8 21. d4 exd4 22. Nbd3 Bf5 23. Kd2 a5 24. Na4 Rd8 25. Rc2 Ra6 26. Rhc1 Kf8 27. Rc6 Rxc6 28. Rxc6 Bd7 29. Ra6 Bxa4 30. bxa4 Rd5 31. Nf4 Rf5 32. f3 Kf7 33. Ne6 Rd5 34. Kd3 Rh5 35. Nxd4 Rxh2 36. Rxa5 h5 37. Ra7 Ke8 38. Nf5 Bf8 39. Nxg7+ Bxg7 40. Rxg7 Rg2 41. a5 Rg1 42. a6 Rd1+ 1-0